Asbestos: properties, applications, and hazards, Volume 1 (Record no. 86122)

MARC details
000 -LEADER
fixed length control field 00490cam a2200193 4500
001 - CONTROL NUMBER
control field D7089
008 - FIXED-LENGTH DATA ELEMENTS--GENERAL INFORMATION
fixed length control field 090401t1979 xxu||||| |||| 00| 0 eng d
035 ## - SYSTEM CONTROL NUMBER
System control number (Sirsi) u5119
041 ## - LANGUAGE CODE
Language code of text/sound track or separate title eng
050 ## - LIBRARY OF CONGRESS CALL NUMBER
Classification number 549.66
100 ## - MAIN ENTRY--PERSONAL NAME
Personal name Michaels, L (ed)
245 ## - TITLE STATEMENT
Title Asbestos: properties, applications, and hazards, Volume 1
260 ## - PUBLICATION, DISTRIBUTION, ETC.
Place of publication, distribution, etc. Chichester
Name of publisher, distributor, etc. John Wiley and Sons
Date of publication, distribution, etc. 1979
300 ## - PHYSICAL DESCRIPTION
Extent xi. 553p. 23cm
350 ## - PRICE (NR) (BK AM CF MU VM SE) [OBSOLETE]
Price 25
700 ## - ADDED ENTRY--PERSONAL NAME
Personal name Chissick, S.S (ed)
942 ## - ADDED ENTRY ELEMENTS (KOHA)
Suppress in OPAC 0
948 ## - LOCAL PROCESSING INFORMATION (OCLC); SERIES PART DESIGNATOR (RLIN)
c (OCLC) 04/03/1997
Holdings
Withdrawn status Lost status Source of classification or shelving scheme Damaged status Not for loan Home library Current library Shelving location Date acquired Cost, normal purchase price Total Checkouts Full call number Barcode Date last seen Date last checked out Copy number Cost, replacement price Price effective from Koha item type
    Dewey Decimal Classification     London London Books 14/09/1999 25.00 3 549.66 30017578 06/08/2019 04/10/2002 1 25.00 06/08/2019 Book